| 000 | 00355nam a22001217a 4500 | ||
|---|---|---|---|
| 999 |
_c519310 _d519310 |
||
| 082 | _aPKP A72 V212g | ||
| 100 |
_aRavi and Vajiram _930166 |
||
| 245 |
_aGeneral studies _bConcepts of geography _cby Vajiram and Ravi |
||
| 260 |
_aNew Delhi _bVajiram and Ravi _c2022 |
||
| 300 | _a226p. | ||
| 650 |
_aGeneral studies _930167 |
||
| 650 |
_aGeography _930168 |
||